00441cam a2200145 4500001001100000008004100011035001500052050002500067100002300092245008100115260003000196300002100226500001200247650003600259BFIL012300 1937 spa  aBFIL012300 4aPQ7297b.S23 H6 19371 aSada, Concepción 3aLa Hora del festín : comedia dramática en tres actos /cConcepcion Sada. aMéxico :bPlycsa,c1937 a126 p. ;c23 cm. a1 ejem. 4aTeatro Mexicano Contemporáneo